Report of Punjab Commission (Record no. 488858)

000 -LEADER
fixed length control field 00367cam a22001337a 4500
008 - FIXED-LENGTH DATA ELEMENTS--GENERAL INFORMATION
fixed length control field 180718b1962 xxu||||| |||| 00| 0 eng d
082 ## - DEWEY DECIMAL CLASSIFICATION NUMBER
Classification number B813x5433 In2
100 ## - MAIN ENTRY--PERSONAL NAME
Personal name Punjab Commission
245 ## - TITLE STATEMENT
Title Report of Punjab Commission
260 ## - PUBLICATION, DISTRIBUTION, ETC.
Place of publication, distribution, etc. Delhi
Name of publisher, distributor, etc. The Manager of Publications
Date of publication, distribution, etc. 1962
300 ## - PHYSICAL DESCRIPTION
Extent 16p.
500 ## - GENERAL NOTE
General note Chairman: S.R. Das
700 ## - ADDED ENTRY--PERSONAL NAME
Personal name Das, S.R. (Chairman)
Holdings
Withdrawn status Lost status Damaged status Not for loan Permanent Location Current Location Date acquired Full call number Barcode Date last seen Price effective from Koha item type
        Indian Institute of Public Administration Indian Institute of Public Administration 2018-08-04 B813x5433 In2 G1298 2018-08-04 2018-08-04 G

Powered by Koha